书目信息 |
| 题名: |
定向运动技能训练与教学实践
|
|
| 作者: | 许庆忠 著 | |
| 分册: | ||
| 出版信息: | 长春 吉林人民出版社 2021.09 |
|
| 页数: | 175页 | |
| 开本: | 24cm | |
| 丛书名: | ||
| 单 册: | ||
| 中图分类: | G826.2 | |
| 科图分类: | ||
| 主题词: | 定向运动--ding xiang yun dong--体育教学--教学研究 | |
| 电子资源: | ||
| ISBN: | 978-7-206-18478-9 | |
| 000 | 01010nam0 2200265 450 | |
| 001 | 012001002586 | |
| 005 | 20140202162956.0 | |
| 010 | @a978-7-206-18478-9@dCNY59.00 | |
| 099 | @aCAL 012022007806 | |
| 100 | @a20220905d2021 em y0chiy50 ea | |
| 101 | 0 | @achi |
| 102 | @aCN@b220000 | |
| 105 | @aa a 000yy | |
| 106 | @ar | |
| 200 | 1 | @a定向运动技能训练与教学实践@Ading xiang yun dong ji neng xun lian yu jiao xue shi jian@f许庆忠著 |
| 210 | @a长春@c吉林人民出版社@d2021.09 | |
| 215 | @a175页@c图@d24cm | |
| 314 | @a许庆忠, 许庆忠, 高校讲师, 硕士, 2002年毕业于北京师范大学, 同年在闽南师范大学工作至今。定向运动项目国家一级裁判员。 | |
| 320 | @a有书目 (第173-175页) | |
| 330 | @a本书主要内容包括: 定向运动概述、定向运动的技术体系、定向运动训练、定向运动教学简述、定向运动教学的实施、定向运动竞赛。 | |
| 606 | 0 | @a定向运动@Ading xiang yun dong@x体育教学@x教学研究 |
| 690 | @aG826.2@v5 | |
| 701 | 0 | @a许庆忠@Axu qing zhong@4著 |
| 801 | 0 | @aCN@bAHXH@c20221111 |
| 905 | @b1368442-6@dG826.2@e200@f5 | |
| 定向运动技能训练与教学实践/许庆忠著.-长春:吉林人民出版社,2021.09 |
| 175页:图;24cm |
| ISBN 978-7-206-18478-9:CNY59.00 |
| 本书主要内容包括: 定向运动概述、定向运动的技术体系、定向运动训练、定向运动教学简述、定向运动教学的实施、定向运动竞赛。 |
| ● |
| 相关链接 |
|
|
|
|
正题名:定向运动技能训练与教学实践
索取号:G826.2/200
 
预约/预借
| 序号 | 登录号 | 条形码 | 馆藏地/架位号 | 状态 | 备注 |
| 1 | 1368442 | 213684422 | 第一样本阅览室/ [索取号:G826.2/200] | 在馆 | |
| 2 | 1368443 | 213684431 | 教育系资料室/ [索取号:G826.2/200] | 在馆 | |
| 3 | 1368444 | 213684440 | 教育系资料室/ [索取号:G826.2/200] | 在馆 | |
| 4 | 1368445 | 213684459 | 第四借阅区/ [索取号:G826.2/200] | 在馆 | |
| 5 | 1368446 | 213684468 | 第四借阅区/ [索取号:G826.2/200] | 在馆 | |
| 6 | 1404713 | 214047137 | 第四借阅区/ [索取号:G826.2/200] | 在馆 | |
| 7 | 1404714 | 214047146 | 第四借阅区/ [索取号:G826.2/200] | 在馆 | |
| 8 | 1404715 | 214047155 | 第四借阅区/ [索取号:G826.2/200] | 在馆 | |
| 9 | 1404716 | 214047164 | 第四借阅区/ [索取号:G826.2/200] | 在馆 |